000 01137cam a2200373 a 4500
001 22441
003 SK-KTurca
005 20260328120253.0
008 220509s2002 xo gr 0000f slo
015 _aSNBA2004/03-02233
020 _a8055103895
035 _aSNK000398334
035 _aurn:nbn:sk:snk-am3j0a3
035 _a76BEE369-B894-4A80-A861-1A0A63EECB46
035 _aurn:nbn:sk:snk-am00ghgm
040 _aSNK
_bslo
_cSNK
_eAACR2
041 1 _aslo
_heng
044 _axo
_cSK
072 7 _a821.111(73)-3
_xAmerická próza
_2konspekt
080 _a821.111 (73)-3
_21997
080 _a821.111(73)-31
_21997
080 _a821.111(73)-31
_22011
080 _a(0:82-312.5)
_22011
100 1 _aGarwood, Julie,
_d1946-
_4aut
240 1 4 _aThe gift
_lSlovensky
245 1 0 _aKráľovský dar
_cJulie Garwoodová ; [z anglického originálu The gift preložila Jana Puškárová]
250 _a1. vyd.
260 _aBratislava
_bIkar
_c2002
300 _a311 strán
_c21 cm
655 7 _aamerické romány
_2SNKPH
655 7 _aľúbostné romány
_2SNKPH
700 1 _aPuškárová, Jana
_4trl
942 _2ddc
_cKLDO
_n0
999 _c22441
_d22441